El niño feliz: su clave psicológica

保存先:
書誌詳細
第一著者: Briggs, Dorothy Corkille (著者)
フォーマット: 図書
言語:スペイン語
出版事項: Buenos Aires Granica 1972
シリーズ:Colección psicoteca de la vida cotidiana
主題:
タグ: タグ追加
タグなし, このレコードへの初めてのタグを付けませんか!

MARC

LEADER 00000nam a2200000 a 4500
001 UCY5659
003 CL-VaPUC
008 950512e19720000AG |||||||||||||||||spa|d
082 0 4 |a 155.4  |b BRI  |2 21 
100 0 |a Briggs, Dorothy Corkille  |e author  |9 334702 
245 1 3 |a El niño feliz: su clave psicológica 
300 |a 251 p 
942 |c BK 
945 |d 19950512 00:00:00  |a mfernand 
260 |a Buenos Aires  |b Granica  |c 1972 
650 0 |a Psicología del niño  |9 307305 
650 0 |a Desarrollo afectivo  |9 334359 
650 0 |a Emociones   |9 265224 
650 0 |a Amor  |9 257817 
650 7 |a RELACIONES PADRES-HIJOS  |2 CL-VaPUC  |9 308185 
650 0 |a Ira  |9 317589 
650 0 |a Psicología del desarrollo  |9 307541 
583 |a last modification  |c 19950512 00:00:00  |k Rodrigo Vera 
490 0 |a Colección psicoteca de la vida cotidiana 
999 |c 233291  |d 233289 
952 |0 0  |1 0  |4 0  |6 155_400000000000000_BRI_1972  |7 0  |8 A  |9 238712  |a BIBEDU  |b BIBEDU  |d 2019-11-18  |i 1503707  |o 155.4 BRI 1972  |p 1503707  |r 2019-11-18  |w 2019-11-18  |y BK  |k EDU